000 00320 a2200109 4500
001 ART_52567
005 20260410161811.0
008 260409a
245 1 0 _aEl concurso del concurso
100 1 _aTruffat, Edgardo Daniel
773 0 _tDoctrina Societaria y Concursal
_g- N° 402 (mayo 2021)
_wREV4298
999 _c21423
_d21423